Normal view
MARC view
- Yuan Xingpei, yan Wenming
Entry Personal Name
001 - CONTROL NUMBER
- control field: 118318
003 - CONTROL NUMBER IDENTIFIER
- control field: NUST
005 - DATE AND TIME OF LATEST TRANSACTION
- control field: 20231003172239.0
008 - FIXED-LENGTH DATA ELEMENTS
- fixed length control field: 231003|| aca||aabn | a|a d
040 ## - CATALOGING SOURCE
- Original cataloging agency: NUST
- Transcribing agency: NUST
100 ## - HEADING--PERSONAL NAME
- Personal name: Yuan Xingpei, yan Wenming
670 ## - SOURCE DATA FOUND
- Source citation: Work cat.: (NUST)234118: Yuan Xingpei, yan Wenming;, The history of Chinese civilization /, 2012.
